000 00350nam a2200145Ia 4500
005 20250318064836.0
008 240331s9999 xx 000 0 und d
082 _bKAR
_a894
100 _aKarunakaramoorthy,
245 0 _aKilakku nokki sila mekangal
260 _aChennai
_bSneha
_c1996
300 _a131 p .,
650 _aShort Stories
942 _cL
999 _c4005
_d4005